Statistics for Southernmost Cities by Country

Click here to take the quiz!

General Stats

  • This quiz has been taken 42 times
  • The average score is 2 of 8

Answer Stats

Country City % Correct
South AfricaCape Town
84%
CanadaWindsor
55%
New ZealandInvercargill
35%
United StatesHilo
29%
United KingdomTruro
19%
ChinaSanya
16%
MexicoTapachula
3%
RussiaDurbent
3%

Score Distribution

Percentile by Number Answered

Percent of People with Each Score

Your Score History

You have not taken this quiz